The educated franchisee : (Record no. 159288)

MARC details
000 -LEADER
fixed length control field 01061cam a2200313 i 4500
001 - CONTROL NUMBER
control field vtls003261284
003 - CONTROL NUMBER IDENTIFIER
control field MY-SjTCS
005 - DATE AND TIME OF LATEST TRANSACTION
control field 20200226120125.0
008 - FIXED-LENGTH DATA ELEMENTS--GENERAL INFORMATION
fixed length control field 141209t20112011mnu 000 0deng d
020 ## - INTERNATIONAL STANDARD BOOK NUMBER
International Standard Book Number 9781935098539 (paperback)
039 #9 - LEVEL OF BIBLIOGRAPHIC CONTROL AND CODING DETAIL [OBSOLETE]
Level of rules in bibliographic description 201809071331
Level of effort used to assign nonsubject heading access points VLOAD
Level of effort used to assign subject headings 201501021024
Level of effort used to assign classification shuhada
Level of effort used to assign subject headings 201501021022
Level of effort used to assign classification shuhada
-- 201412091630
-- malathy
040 ## - CATALOGING SOURCE
Description conventions rda
043 ## - GEOGRAPHIC AREA CODE
Geographic area code n-us---
082 04 - DEWEY DECIMAL CLASSIFICATION NUMBER
Classification number 658.8708
Item number BIS 2011
100 1# - MAIN ENTRY--PERSONAL NAME
Personal name Bisio, Rick.
9 (RLIN) 73104
245 10 - TITLE STATEMENT
Title The educated franchisee :
Remainder of title the how-to book for choosing a winning franchise /
Statement of responsibility, etc. by Rick Bisio ; written with Mike Kohler.
250 ## - EDITION STATEMENT
Edition statement Second edition.
264 #1 - PRODUCTION, PUBLICATION, DISTRIBUTION, MANUFACTURE, AND COPYRIGHT NOTICE
Place of production, publication, distribution, manufacture Minneapolis, MN :
Name of producer, publisher, distributor, manufacturer Bascom Hill Publishing Group,
Date of production, publication, distribution, manufacture, or copyright notice [2011]
264 #4 - PRODUCTION, PUBLICATION, DISTRIBUTION, MANUFACTURE, AND COPYRIGHT NOTICE
Date of production, publication, distribution, manufacture, or copyright notice ©2011
300 ## - PHYSICAL DESCRIPTION
Extent 199 pages ;
Dimensions 23 cm
336 ## - CONTENT TYPE
Content type term text
Source rdacontent
337 ## - MEDIA TYPE
Media type term unmediated
Source rdamedia
338 ## - CARRIER TYPE
Carrier type term volume
Source rdacarrier
650 #0 - SUBJECT ADDED ENTRY--TOPICAL TERM
Topical term or geographic name entry element Franchises (Retail trade)
9 (RLIN) 12146
650 #0 - SUBJECT ADDED ENTRY--TOPICAL TERM
Topical term or geographic name entry element Entrepreneurship.
650 #0 - SUBJECT ADDED ENTRY--TOPICAL TERM
Topical term or geographic name entry element Business enterprises
General subdivision Purchasing
Geographic subdivision United States.
700 1# - ADDED ENTRY--PERSONAL NAME
Personal name Kohler, Mike.
920 ## - Programme
Programme ADTP : 216558
Holdings
Withdrawn status Lost status Source of classification or shelving scheme Damaged status Not for loan Home library Current library Date acquired Cost, normal purchase price Total Checkouts Barcode Date last seen Date last checked out Copy number Uniform Resource Identifier Cost, replacement price Koha item type Public note
    Dewey Decimal Classification     Taylor's Library-TU Taylor's Library-TU 27/12/2014 80.50 1 5000155194 05/12/2019 14/06/2017 1 Floor 4, Shelf 27, Side 2, TierNo 4, BayNo 1 80.50 Main Collection SLASx,05000,03,RA|SLASx,22000,03,RA